Communication and litigation: case studies of famous trials
| Contributors: | ; |
|---|---|
| Format: | Print Book |
| Language: | English |
| Published: |
Carbondale [u.a.]
Southern Illinois Univ. Pr.
1988
|
| In: | Year: 1988 |
| Online Access: |
Contributor biographical information Publisher description |
| Availability in Tübingen: | Present in Tübingen. UB: KB 18 A 5284 |
| Check availability: | HBZ Gateway |
| Subito Delivery Service: | Order now. |
| Keywords: |
MARC
| LEADER | 00000cam a2200000 c 4500 | ||
|---|---|---|---|
| 001 | 274987430 | ||
| 003 | DE-627 | ||
| 005 | 20251222212735.0 | ||
| 007 | tu | ||
| 008 | 890705s1988 xxu||||| 00| ||eng c | ||
| 020 | |a 0809314568 |9 0-8093-1456-8 | ||
| 035 | |a (DE-627)274987430 | ||
| 035 | |a (DE-576)018046924 | ||
| 035 | |a (DE-599)GBV274987430 | ||
| 035 | |a (OCoLC)246509429 | ||
| 035 | |a (OCoLC)17300254 | ||
| 040 | |a DE-627 |b ger |c DE-627 |e rakwb | ||
| 041 | |a eng | ||
| 044 | |c XD-US | ||
| 050 | 0 | |a KF220 | |
| 082 | 0 | |a 347.3077 | |
| 082 | 0 | |a 347.73/7 | |
| 082 | 0 | |a 347.737 | |
| 245 | 0 | 0 | |a Communication and litigation |b case studies of famous trials |c Janice Schuetz ... |
| 264 | 1 | |a Carbondale [u.a.] |b Southern Illinois Univ. Pr. |c 1988 | |
| 300 | |a XVII, 277 S. | ||
| 336 | |a Text |b txt |2 rdacontent | ||
| 337 | |a ohne Hilfsmittel zu benutzen |b n |2 rdamedia | ||
| 338 | |a Band |b nc |2 rdacarrier | ||
| 583 | 1 | |a Archivierung prüfen |c 20200919 |f DE-640 |z 1 |2 pdager | |
| 650 | 0 | |a Trials |z United States | |
| 650 | 0 | |a Trial practice |z United States | |
| 650 | 0 | |a Forensic orations | |
| 700 | 1 | |8 1\p |a Schuetz, Janice E. |d 1945- |e Mitarb. |0 (DE-588)124370403 |0 (DE-627)085818186 |0 (DE-576)294141332 |4 oth | |
| 700 | 1 | |8 2\p |a Snedaker, Kathryn Holmes |d 1958- |0 (DE-588)1055749675 |0 (DE-627)793796520 |0 (DE-576)411239821 |4 oth | |
| 856 | 4 | 2 | |u http://www.loc.gov/catdir/enhancements/fy0739/87035654-d.html |x Verlag |y Publisher description |7 1 |
| 856 | 4 | 2 | |u http://www.loc.gov/catdir/enhancements/fy0739/87035654-b.html |x Verlag |y Contributor biographical information |7 1 |
| 883 | |8 1\p |a cgwrk |d 20241001 |q DE-101 |u https://d-nb.info/provenance/plan#cgwrk | ||
| 883 | |8 2\p |a cgwrk |d 20241001 |q DE-101 |u https://d-nb.info/provenance/plan#cgwrk | ||
| 889 | |w (DE-627)192757318 | ||
| 935 | |i mdedup | ||
| 951 | |a BO | ||
| ELC | |b 1 | ||
| LOK | |0 000 xxxxxcx a22 zn 4500 | ||
| LOK | |0 001 3323531957 | ||
| LOK | |0 003 DE-627 | ||
| LOK | |0 004 274987430 | ||
| LOK | |0 005 20151022132710 | ||
| LOK | |0 008 890705||||||||||||||||ger||||||| | ||
| LOK | |0 040 |a DE-21 |c DE-627 |d DE-21 | ||
| LOK | |0 852 |a DE-21 | ||
| LOK | |0 852 1 |c KB 18 A 5284 |9 00 | ||
| LOK | |0 935 |a krim | ||
| LOK | |0 939 |a 05-07-89 |b l01 | ||
| ORI | |a SA-MARC-krimdoka001.raw | ||
| SIG | |a UB: KB 18 A 5284 | ||
